00233nam a2200097Ia 4500008004100000100002000041245004100061260000800102300000900110650001600119191201s2019 xx 000 0 und d aKANI, A. Nagoor 0aMicroprocessors and Microcontrollers bTMH aMISC aB.Tech(CSE)